000 00432pab a2200157 454500
008 180718b2014 xxu||||| |||| 00| 0 eng d
100 _aShorey, S.P.
245 _aHistoric buildings in small towns and villages - Need for customised regulations
260 _c2014
300 _ap.20-22.
362 _a8 Mar
650 _aPreservation of monuments
773 _aEconomic and Political Weekly
908 _aN
909 _a103559
999 _c103555
_d103555